logo

Bir Sreshtho Munshi Abdur Rouf Library
Jhenaidah Cadet College

মহাকবি ইকবাল / (Record no. 3906)

MARC details
000 -LEADER
fixed length control field 00675nam a2200217 a 4500
001 - CONTROL NUMBER
JCCL Control Number 3906
003 - CONTROL NUMBER IDENTIFIER
JCCL marc code BD-JhCC
005 - DATE AND TIME OF LATEST TRANSACTION
control field 20171119185524.0
008 - FIXED-LENGTH DATA ELEMENTS--GENERAL INFORMATION
fixed length control field 171119s1996 bg a|||| ||a| 000 0 ben d
035 ## - SYSTEM CONTROL NUMBER
system control number (BD-JhCC)3906
040 ## - CATALOGING SOURCE
Original cataloging agency BD-JhCC
Modifying agency BD-JhCC
041 ## - LANGUAGE CODE
Language code of Book ben
082 ## - DEWEY DECIMAL CLASSIFICATION NUMBER
Classification number 920
Author mark and Year NUR 1996
100 ## - MAIN ENTRY--PERSONAL NAME
Personal name নুরদ্দীন, ড. আবু সাঈদ
245 ## - TITLE STATEMENT
Title মহাকবি ইকবাল /
Statement of responsibility, etc ড. আবু সাঈদ নুরদ্দীন
260 ## - PUBLICATION, DISTRIBUTION, ETC. (IMPRINT)
Place of publication, distribution, etc ঢাকা :
Name of publisher, distributor, etc আল্লামা ইকবাল সংসদ,
Date of publication, distribution, etc ১৯৬৬.
300 ## - PHYSICAL DESCRIPTION
Pagination 416 p. :
Other physical details ill. ;
Dimensions 21 cm.
650 ## - SUBJECT ADDED ENTRY--TOPICAL TERM
Topical term or geographic name as entry element Biography
942 ## - ADDED ENTRY ELEMENTS (KOHA)
Source of classification or shelving scheme Dewey Decimal Classification
Koha item type Books
Holdings
Source of classification or shelving scheme Damaged status Not for loan Home library Current library Shelving location Date of accession Cost, normal purchase price Total Checkouts Full call number Barcode Date last seen Copy number Koha item type
Dewey Decimal Classification     JCC Rouf Library JCC Rouf Library General Stacks 11/19/2017 200.00   920 NUR 1996 5696 11/19/2017 C-1 Books

JCC Library | Contacts | JCC Home

Last Update on 23 September 2017
Copyright @ 2017-2020 JCC Rouf Library
Rouf Library, Jhenidah Cadet College (JCC), Bangladesh